000 01822cab a2200457 4500
001 ABS55202
008 090401t1996 xxu||||| |||| 00| 0 eng d
035 _a(Sirsi) u14784
041 _aeng
100 _aStepien, K.
245 _aRent: deduction and set-off
260 _c1996
350 _a0
490 _aSolicitors` Journal
_v140(18) 10 May 1996, 462-463(2)
520 _aLooks at circumstances in which it is possible for a landlord to exclude a tenant`s right to deduct or withhold rent. Covers statutory deductions, deduction at common law, the principle of equitable set-off, set-off claim as defence to distress for non-payment, contracting out and Landlord and Tenant (Covenants) Act 1995. Examines relevant case law.
650 _aBANKES V JARVIS
650 _aBRITISH ANZANI (FELIXSTOWE) LTD V INTERNATIONAL MARINE MANAGEMENT (UK) LTD
650 _aCONNAUGHT RESTAURANTS LTD V INDOOR LEISURE LTD
650 _aCONTRACTING OUT
650 _aELLER V GROVECREST INVESTMENTS LTD
650 _aFAMOUS ARMY STORES V MEEHAN
650 _aFEDERAL COMMERCE & NAVIGATION CO LTD V MOLENA ALPHA INC
650 _aGILBERT-ASH (NORTHERN) LTD V MODERN ENGINEERING (BRISTOL) LTD
650 _aHANAK V GREEN
650 _aLANDLORD AND TENANT (COVENANTS) ACT 1995
650 _aLEASES
650 _aLEE-PARKER V IZZET
650 _aLOTTERYKING LTD V AMEC PROPERTIES LTD
650 _aMELVILLE V GRAPELODGE DEVELOPMENTS LTD
650 _aNON-PAYMENT OF RENT
650 _aRENT DEDUCTION
650 _aSET-OFF
650 _aSTATUTORY DEDUCTIONS
650 _aTAYLOR V BEAL
650 _aTENANTS' RIGHTS
650 _aTENBURY INVESTMENTS LTD V PEUGOT TALBOT MOTOR CO LTD
650 _aWATERS V WEIGALL
690 _aLandlord and tenant
_96252
942 _n0
948 _c04/03/1997
999 _c9652
_d9652